| 000 -ლიდერი |
| ფიქსირებული სიგრძის საკონტროლო ველი |
00888nam a22002057a 4500 |
| 003 - საკონტროლო ნომრის იდენტიფიკატორი |
| საკონტროლო ველი |
Ge_BSU |
| 005 - ბოლო ოპერაციის თარიღი და დრო |
| საკონტროლო ველი |
20241022115549.0 |
| 008 - ფიქსირებული სიგრძის მონაცემთა ელემენტები - ზოგადი ინფორმაცია |
| ფიქსირებული სიგრძის საკონტროლო ველი |
241022s2003 ge ||||| |||| 00| 0 geo d |
| 041 ## - ენის კოდი |
| Language code of text/sound track or separate title |
geo |
| 080 ## - უნივერსალური ათობითი კლასიფიკაციის ინდექსი |
| Universal Decimal Classification number |
616.5(075.8)+ 616.9(075.8) ს-34 |
| 100 ## - მთავარი ჩანაწერი - პიროვნების სახელი |
| Personal name |
საყვარელიძე, დ. |
| 9 (RLIN) |
550 |
| 245 ## - ცნობა სათაურის შესახებ |
| Title |
კანისა და ვენერული დაავადებები: |
| Remainder of title |
სახელმძღვანელო/ |
| Statement of responsibility, etc |
დ. საყვარელიძე. |
| 250 ## - გამოცემის ცნობა |
| Edition statement |
მესამეე გამოცემა |
| 264 ## - წარმოების, გამოცემის, დისტრიბუციის და სხვა ცნობები |
| გამოცემის, წარმოების, დისტრიბუციის... ადგილი |
თბილისი, |
| გამოცემის, წარმოების, დისტრიბუციის... თარიღი |
2003. |
| 300 ## - ფიზიკური აღწერა |
| Extent |
414 გვ.: |
| Other physical details |
ილ. |
| Dimensions |
20 სმ. |
| 653 ## - INDEX TERM--UNCONTROLLED |
| Uncontrolled term |
მედიცინა. |
| 653 ## - INDEX TERM--UNCONTROLLED |
| Uncontrolled term |
ვენერიული დაავადებები. |
| 653 ## - INDEX TERM--UNCONTROLLED |
| Uncontrolled term |
ვენერიული კანის დაავადებები. |
| 942 ## - ADDED ENTRY ELEMENTS (KOHA) |
| Source of classification or shelving scheme |
|
| Koha item type |
წიგნი |